000 00331nam a22001337a 4500
020 _qHB.
040 _cFIZZA ISHAQ
082 _a549.6
_bSWA
100 _aMUKERJEE,SWAPNA.
_989075
245 _aSCIENCE OF CLAYS APPLICATION INDUSTRY /
_cSWAPNA MUKHERJEE.
260 _aNEW DEHLI ;
_c2013
300 _a335 P. ;
942 _2ddc
_cBK
999 _c587915
_d587915